| 000 | 00886 a2200241 4500 | ||
|---|---|---|---|
| 005 | 20251224120538.0 | ||
| 008 | 251224b |||||||| |||| 00| 0 eng d | ||
| 020 | _a9788182996434 (hbk) | ||
| 037 | _cTB | ||
| 040 |
_aCRL _cCRL |
||
| 041 |
_2pun _apun |
||
| 084 |
_aO153,6x R5 _qCRL |
||
| 100 |
_aਭੁੱਲਰ , ਗੁਰਬਚਨ ਸਿੰਘ _9848300 |
||
| 245 | _aਕਲਮ ਦੇ ਕਰਾਮਾਤੀ | ||
| 246 | _aQalm de kramaati / Gurbachan Singh Bhullar, | ||
| 260 |
_aDelhi, India: _bArsee Publishers, _c2025. |
||
| 300 | _a503p. | ||
| 365 |
_b895.00 _cINR |
||
| 650 |
_aਪੰਜਾਬੀ ਸਾਹਿਤ _9859316 |
||
| 650 |
_aਪੰਜਾਬੀ ਨਿਬੰਧ _9859317 |
||
| 942 |
_cTB _2CC _n0 _hO153,6x R5 |
||
| 999 |
_c1464758 _d1464758 |
||